000 00491nam a2200181Ia 4500
001 22436
005 20260414150831.0
008 260414t2007||||xx |||||||||||||| ||spa||
041 _aESP
082 _a621.3813
_bC24
100 _aCameron, Richard J.
_eAUT
245 0 _aMicrowave filters for communication systems :
_bfundamentals, design, and applications
260 _c2007
300 _axxxi, 771 páginas :
_c24 cm.
650 _aTCA
654 _aCET
942 _cLIB
_dJUS
_fJUS
_2ddc
_n
999 _c22436
_d22436